| 000 | 00623nam a22001817a 4500 | ||
|---|---|---|---|
| 005 | 20250124163443.0 | ||
| 010 | _aBACIN25 | ||
| 020 |
_a9789359308418 _c850.00 |
||
| 037 | _bS. Chand | ||
| 082 |
_a658.8 _21 |
||
| 245 |
_aEssentials of Modern Marketing/ _cBy Kotler-i [and] Mukharjee |
||
| 250 | _a1 | ||
| 260 |
_aNew Delhi _bS Chand and Company Limited _c2024 |
||
| 270 |
_a A-27, 2nd Floor, Mohan Co-operative Industrial Estate _bNew Delhi _e110044 _minfo@schandpublishing.com _k011-49731800 |
||
| 300 |
_axvii,390p. _c23cm(pb) |
||
| 700 |
_aMukharjee _eAuthor _974965 |
||
| 942 |
_2ddc _cEN _h658.8 _mKOT _e1 |
||
| 999 |
_c208703 _d208703 |
||